Score 0/38 Timer 10:00
0 Plays Today
% Correct
Time
74.6%
Made
74.6%
Life
74.6%
Dimensions
71.6%
Sense
71.6%
Exist
70.1%
Light
68.7%
Aliens
68.7%
Parallel
67.2%
Who
67.2%
Resurrect
67.2%
We
65.7%
Alone
65.7%
Forever
65.7%
Contact
65.7%
Edge
61.2%
Superior
61.2%
Beginning
58.2%
When
58.2%
% Correct
Hacked
58.2%
Robots
58.2%
Will
56.7%
Sun
55.2%
Think
55.2%
Alive
52.2%
Evil
52.2%
Particle
52.2%
Universe
47.8%
God
44.8%
Subconscious
43.3%
Riddle
41.8%
Evolution
41.8%
Reality
40.3%
Creator
35.8%
Sex
35.8%
Eternity
31.3%
Darkness
25.4%
Nothing
22.4%
Remove Ads.
Support Sporcle.
Get the best of Sporcle when you Go Orange. This ad-free experience offers more features, more stats, and more fun while also helping to support Sporcle. Thank you for becoming a member.

You're not logged in!

Compare scores with friends on all Sporcle quizzes.
OR
Log In

Show Comments

Extras

Created Sep 28, 2013ReportNominate
Tags:Missing Word Quiz, episode

Top Quizzes Today


Score Distribution

Your Account Isn't Verified!

In order to create a playlist on Sporcle, you need to verify the email address you used during registration. Go to your Sporcle Settings to finish the process.

Report this User

Report this user for behavior that violates our Community Guidelines.

Details: